| 000 | 00736nam a2200229 a 4500 | ||
|---|---|---|---|
| 001 | 40003 | ||
| 003 | BD-RjUL | ||
| 005 | 20211209053121.0 | ||
| 008 | 160421s1963 bg |||| |||| 00| 0 ben d | ||
| 020 | _c: Tk. 3.50 | ||
| 035 | _a(BD-RjUL)40117 | ||
| 040 |
_aBD-RjUL _bben _cBD-RjUL |
||
| 041 | _aben | ||
| 082 |
_223 _a891.443 _bALP 1963 |
||
| 100 |
_aআলী, শওকত _9123212 |
||
| 245 | 1 | 0 |
_aপিঙ্গলে আকাশ / _cশওকত আলী |
| 260 |
_aঢাকা : _bওসমানিয়া বুক ডিপো, _c১৯৬৩ |
||
| 300 |
_a১৬৮ পৃ. ; _c২৩ সেমি. |
||
| 650 |
_aবাংলা উপন্যাস _9123213 |
||
| 650 |
_aBengali Fiction _9123214 |
||
| 942 |
_2ddc _cBK |
||
| 999 |
_c40003 _d40003 |
||